000 01464nam a22002777a 4500
005 2009060504154.0
008 090605t xxu||||| |||| 00| 0 hin d
010 _aHIN-86810
020 _c200.00
035 _aHN-59156
037 _bDBAD / PUB
040 _adpl
_bhn
082 _a598
100 _aगुप्ता, कपिल
245 _aसचित्र भारतीय पक्षी विज्ञान /
_cकपिल गुप्ता एवं राहुल
246 _aSachitra Bhaartiya pakshii vigyaana
_bby Kapil Gupta & Rahul
260 _aदिल्ली
_bशब्द सागर
_c2009
270 _a430, प्रथम तल, महाराम मौहल्ला, शाहदरा
_bदिल्ली
_e110032
300 _a176पृ.
_bसचित्र
_c22 सेमी (सजिल्द)
650 _aपक्षी
650 _aBirds
700 _aराहुल
366 _bथिएटर मीडिया सेन्टर,जीएसटी-चेनपुर रोड, खोडियार मंदिर के पास पो.ओ.दिग्विजयनगर, न्यू राणीप, अमदावाद-382470
942 _2ddc
_cHN
_mगुप्ताक
_h598
999 _c27249
_d27249